Du contrat social
Gardado en:
| Autor Principal: | |
|---|---|
| Formato: | Libro |
| Idioma: | francés |
| Publicado: |
París
Aubier
1943
|
| Series: | Bibliothéque philosophique
|
| Subjects: | |
| Tags: |
Engadir etiqueta
Sen Etiquetas, Sexa o primeiro en etiquetar este rexistro!
|
MARC
| LEADER | 00000nam a2200000 a 4500 | ||
|---|---|---|---|
| 001 | UCZ2694 | ||
| 003 | CL-VaPUC | ||
| 008 | 951005e19430000FR |||||||||||||||||fre|d | ||
| 082 | 0 | 4 | |a 320.1 |b ROU |2 21 |
| 100 | |a Rousseau, Jean Jacques |e autor |9 255697 | ||
| 245 | 1 | 0 | |a Du contrat social |
| 300 | |a 462 p | ||
| 942 | |c BK | ||
| 945 | |d 19951005 00:00:00 |a lriquelm | ||
| 260 | |a París |b Aubier |c 1943 | ||
| 650 | 0 | |a Filosofía francesa |9 255698 | |
| 650 | 0 | |a Ciencias Políticas |9 255201 | |
| 650 | 7 | |a FILOSOFIA POLITICA |2 CL-VaPUC |9 346457 | |
| 650 | 0 | |a Derechos humanos |9 223025 | |
| 650 | 7 | |a SISTEMAS POLITICOS |2 CL-VaPUC |9 346458 | |
| 650 | 0 | |a Doctrinas políticas |9 255835 | |
| 583 | |a last modification |c 19951005 00:00:00 |k Rodrigo Vera | ||
| 490 | 0 | |a Bibliothéque philosophique | |
| 999 | |c 239253 |d 239251 | ||
| 952 | |0 0 |1 0 |4 0 |6 320_100000000000000_ROU_1943 |7 0 |8 P |9 250257 |a BIBEDU |b BIBEDU |c BIBEDU_PB |d 2019-11-18 |i 1580604 |o 320.1 ROU 1943 |p 1580604 |r 2024-01-25 |w 2019-11-18 |y BK |k FIL | ||